000 01143cam a22003493a 4500
001 9433
003 PGUSA
005 20140828083212.0
008 051201s2005||||xxu|||||s|||||000 1 eng d
040 _aPGUSA
_beng
042 _adc
050 4 _aPR
100 1 _aHardy, Thomas,
_d1840-1928
245 1 0 _aTess of the d'Urbervilles :
_bA Pure Woman
_h[electronic resource] /
_cThomas Hardy
260 _bProject Gutenberg,
_c2005
506 _aCopyrighted. Read the copyright notice inside this book for details.
516 _aElectronic text
653 _aChildren of the rich -- Fiction
653 _aRape victims -- Fiction
653 _aChildren of clergy -- Fiction
653 _aTriangles (Interpersonal relations) -- Fiction
653 _aWomen murderers -- Fiction
653 _aMan-woman relationships -- Fiction
653 _aPoor families -- Fiction
653 _aWessex (England) -- Fiction
653 _aPastoral fiction
653 _aDidactic fiction
653 _aWomen household employees -- Fiction
830 0 _aProject Gutenberg
_v9433
856 4 0 _uhttp://www.gutenberg.org/ebooks/9433
942 _cAB
999 _c238689
_d238689